000
00286nam a2200121 a 4500
008
101022s1970|||| d
100
1
_a
Lem, Stanislav
245
1
0
_a
Pánov hlas
260
_b
Slovenský spisovateľ
_a
Bratislava
_c
1970
020
_c
20
041
_a
slo
044
_a
xo
_c
SK
999
_c
12014
_d
12014